Schaum's outline of theory and problems of fourier analysis : (Record no. 114)
[ view plain ]
| 000 -LEADER | |
|---|---|
| fixed length control field | 01250nac a22003131i 4500 |
| 003 - CONTROL NUMBER IDENTIFIER | |
| control field | EG-ScBUE |
| 005 - DATE AND TIME OF LATEST TRANSACTION | |
| control field | 20250323095320.0 |
| 008 - FIXED-LENGTH DATA ELEMENTS--GENERAL INFORMATION | |
| fixed length control field | 120403r20041974ii a f 0010 eeng d |
| 020 ## - INTERNATIONAL STANDARD BOOK NUMBER | |
| International Standard Book Number | 007058883X |
| 020 ## - INTERNATIONAL STANDARD BOOK NUMBER | |
| International Standard Book Number | 9780070588837 |
| 040 ## - CATALOGING SOURCE | |
| Original cataloging agency | EG-ScBUE |
| Language of cataloging | eng |
| Description conventions | rda |
| Transcribing agency | EG-ScBUE |
| Modifying agency | EG-ScBUE |
| 082 04 - DEWEY DECIMAL CLASSIFICATION NUMBER | |
| Classification number | 515.2433 |
| Item number | SPI |
| Edition number | 22 |
| 100 1# - MAIN ENTRY--PERSONAL NAME | |
| Personal name | Spiegel, Murray R., |
| 9 (RLIN) | 2617 |
| Relator term | author. |
| 245 10 - TITLE STATEMENT | |
| Title | Schaum's outline of theory and problems of fourier analysis : |
| Remainder of title | with applications to boundary value problems / |
| Statement of responsibility, etc | by Murray R. Spiegel, Ph.D., former professor and chairman, mathematics department, Rensselaer Polytechnic Institute, Harvard graduate center. |
| 246 30 - VARYING FORM OF TITLE | |
| Title proper/short title | Theory and problems of fourier analysis |
| 250 ## - EDITION STATEMENT | |
| Edition statement | Second reprint edition. |
| 264 #1 - PUBLICATION, DISTRIBUTION, ETC. (IMPRINT) | |
| Place of publication, distribution, etc | Patel Nagar, New Delhi : |
| Name of publisher, distributor, etc | Tata McGraw-Hill Publishing Company Limited, |
| Date of publication, distribution, etc | 2004. |
| 300 ## - PHYSICAL DESCRIPTION | |
| Extent | 191 pages : |
| Other physical details | illustrations ; |
| Dimensions | 28 cm. |
| 336 ## - CONTENT TYPE | |
| Source | rdacontent |
| Content type term | text |
| Content type code | txt |
| 337 ## - MEDIA TYPE | |
| Media type term | unmediated |
| Source | rdamedia |
| Media type code | n |
| 338 ## - CARRIER TYPE | |
| Carrier type term | volume |
| Carrier type code | nc |
| Source | rdacarrier |
| 490 0# - SERIES STATEMENT | |
| Series statement | Schaum's outline series |
| 500 ## - GENERAL NOTE | |
| General note | Includes index.<br/> |
| 500 ## - GENERAL NOTE | |
| General note | Includes appendix.<br/> |
| 650 #7 - SUBJECT ADDED ENTRY--TOPICAL TERM | |
| Topical term or geographic name as entry element | Fourier analysis. |
| 9 (RLIN) | 29559 |
| Source of heading or term | BUEsh |
| 650 #7 - SUBJECT ADDED ENTRY--TOPICAL TERM | |
| Topical term or geographic name as entry element | Boundary value problems. |
| 9 (RLIN) | 29560 |
| Source of heading or term | BUEsh |
| 655 ## - INDEX TERM--GENRE/FORM | |
| Form subdivision | Reading book |
| 942 ## - ADDED ENTRY ELEMENTS (KOHA) | |
| Koha item type | Book - Borrowing |
| Source of classification or shelving scheme | Dewey Decimal Classification |
| Withdrawn status | Lost status | Source of classification or shelving scheme | Damaged status | Not for loan | Collection code | Home library | Current library | Shelving location | Date acquired | Source of acquisition | Cost, normal purchase price | Total Checkouts | Full call number | Barcode | Date last seen | Cost, replacement price | Price effective from | Koha item type | Serial Enumeration / chronology |
|---|---|---|---|---|---|---|---|---|---|---|---|---|---|---|---|---|---|---|---|
| Dewey Decimal Classification | Central Library | Central Library | First floor | 03/04/2012 | 120.00 | 1 | 515.2433 SPI | 000004651 | 15/07/2025 | 150.00 | 22/12/2005 | Book - Borrowing | |||||||
| Dewey Decimal Classification | Baccah | Central Library | Central Library | First floor | 03/04/2012 | 120.00 | 515.2433 SPI | 000004652 | 15/07/2025 | 150.00 | 22/12/2005 | Book - Borrowing | |||||||
| Dewey Decimal Classification | Central Library | Central Library | First floor | 03/04/2012 | 120.00 | 515.2433 SPI | 000003208 | 15/07/2025 | 150.00 | 03/04/2012 | Book - Borrowing | ||||||||
| Dewey Decimal Classification | Osiris | Central Library | Central Library | First floor | 03/04/2012 | 120.00 | 515.2433 SPI | 000026592 | 15/07/2025 | 150.00 | 03/04/2012 | Book - Borrowing | 11640/2012 |